| 000 | 00616nam a2200217 a 4500 | ||
|---|---|---|---|
| 005 | 20140310183514.0 | ||
| 008 | 110105s19uu xx 00 eng d | ||
| 020 | _a978184936822 | ||
| 050 |
_aGT 3405 _b.Ev96 2010 |
||
| 245 |
_aEvents management / _cedited by Peter Robinson. |
||
| 260 |
_aUnited Kingdom : _bCABI International, _c2010. |
||
| 300 |
_a252 p. : _c25 cm. |
||
| 521 | _aTOU | ||
| 650 | _aSpecial events-Management. | ||
| 650 | _aSpecial events-Planning. | ||
| 700 | _aedited by: Peter Robinson | ||
| 700 | _aDebra Wale | ||
| 700 | _aGeoff Dickson | ||
| 942 |
_cBK _2lcc _kFOR |
||
| 999 |
_c24244 _d24244 |
||